000 00462nam a22001457a 4500
005 20250223210145.0
008 250223b |||||||| |||| 00| 0 eng d
020 _a9780721654058
050 _aRM262
_b.G88
100 _aGutierrez, Kathleen
245 _aPharmacotherapeutics Clinical Decision-Making in Nursing/
_cKathleen Gutierrez
260 _aPhiladelphia
_bW. B. Saunders Company
_c1999
300 _axxxvi. 1449p.
_bill. some color
_c28cm
942 _2lcc
_cBK
_n0
999 _c4250
_d4250